Famous People by Picture Clue #3 - Statistics

General Stats
  • This quiz has been taken 1,016 times
  • The average score is 10 of 15
Answer Stats
Picture Answer % Correct
{50} {Cent}
93%
Kevin {Bacon}
91%
Halle {Berry}
80%
Sheryl {Crow}
79%
Reese {Witherspoon}
75%
Ed {Sheeran}
73%
Johnny {Cash}
71%
Amelia {Earhart}
62%
Jeremy {Irons}
62%
Gregory {Peck}
58%
Steven {Seagal}
57%
Guy {Fawkes}
52%
Joan {Rivers}
50%
Hugh {Laurie}
34%
Arthur {Ashe}
26%
No matching quizzes found
Score Distribution
Percent of People with Each Score
Percentile by Number Answered
Your Score History
You have not taken this quiz